000 00261nam a22000977a 4500
005 20160722093935.0
008 160722b xxu||||| |||| 00| 0 eng d
245 _aJournal of Spectral Theory
260 _aSwitzerland
_bEuropean Mathematical Society
942 _cBK
_s1
999 _c86554
_d86553